Normal view
MARC view
Entry Topical Term
001 - CONTROL NUMBER
- control field: 1661
003 - CONTROL NUMBER IDENTIFIER
- control field: csc
005 - DATE AND TIME OF LATEST TRANSACTION
- control field: 20140507162102.0
008 - FIXED-LENGTH DATA ELEMENTS
- fixed length control field: 131011|| aca||aabn | a|a d
040 ## - CATALOGING SOURCE
- Original cataloging agency: csc
- Transcribing agency: csc
150 ## - HEADING--TOPICAL TERM
- Topical term or geographic name entry element: Erotic films
- General subdivision: Production and direction
- Form subdivision: Humor.
670 ## - SOURCE DATA FOUND
- Source citation: Work cat.: (csc)0: Coren, Victoria, 1972- 5534, Once more, with feeling :, 2002